La Tragèdia de Macbeth / Shakespeare ; traducció, amb pròleg i notes per Cebrià Montoliu
Descripción Física:
179 p. ; 19 cm
Otros Autores:
Montoliu, Cebrià, tr
MARC
| LEADER | 00000nam a2200000Ia 4500 | ||
|---|---|---|---|
| 001 | 1356 | ||
| 008 | 160829s1908 xx 000 0 cat d | ||
| 080 | |a L-1-117 | ||
| 100 | 1 | |a Shakespeare, William, |d 1564-1616 |9 29098 | |
| 245 | |a La Tragèdia de Macbeth / Shakespeare ; traducció, amb pròleg i notes per Cebrià Montoliu | ||
| 260 | |a Barcelona : |b (Tip. 'l'Avenç'), |c 1908 | ||
| 300 | |a 179 p. ; |c 19 cm | ||
| 590 | |a Prové de 2283 | ||
| 700 | |a Montoliu, Cebrià, tr. |9 46702 | ||
| 901 | |a Arxiu | ||
| 942 | |n 1 | ||
| 952 | |0 0 |1 0 |4 0 |6 L1117 |7 1 |9 53398 |a Arxiu |b Arxiu |d 2016-12-01 |l 0 |o L-1-117 |p 1356 |r 2016-12-01 00:00:00 |w 2016-12-01 |y ARXIU | ||
| 999 | |c 57263 |d 57263 | ||